Prompta bibliotheca canonica, juridica, moralis, theologica nec non ascetica, polemica, rubricistica, historica (Record no. 10896)
[ view plain ]
| 000 -CABECERA | |
|---|---|
| campo de control de longitud fija | 01435nam a22002417a 4500 |
| 001 - NÚMERO DE CONTROL | |
| campo de control | BRCA_9277 |
| 003 - IDENTIFICADOR DEL NÚMERO DE CONTROL | |
| campo de control | FranzMayer |
| 005 - FECHA Y HORA DE LA ÚLTIMA TRANSACCIÓN | |
| campo de control | 20230721113539.0 |
| 008 - DATOS DE LONGITUD FIJA--INFORMACIÓN GENERAL | |
| campo de control de longitud fija | 230721b |||||||| |||| 00| 0 eng d |
| 040 ## - FUENTE DE LA CATALOGACIÓN | |
| Centro catalogador/agencia de origen | MFM |
| Lengua de catalogación | esp |
| Centro/agencia transcriptor | MFM |
| 050 #4 - SIGNATURA TOPOGRÁFICA DE LA BIBLIOTECA DEL CONGRESO | |
| Número de clasificación | CO21 |
| Número de documento/Ítem | F47 1772 |
| 082 ## - NÚMERO DE LA CLASIFICACIÓN DECIMAL DEWEY | |
| Número de edición | AE.4 |
| 100 1# - ENTRADA PRINCIPAL--NOMBRE DE PERSONA | |
| Código de función/relación | Autor |
| 9 (RLIN) | 28888 |
| Nombre de persona | Ferraris, Lucii F. |
| 240 1# - TÍTULO UNIFORME | |
| Título uniforme | Prompta bibliotheca canonica, juridica, moralis, theologica nec non ascetica, polemica, rubricistica, historica |
| Medio | De Principalioribus, fere Omnibus, que in dies occurrunt, nec penes omnes facile, ac proptte repeiri possunt |
| Lenguaje de la obra | latín |
| 245 0# - MENCIÓN DE TÍTULO | |
| Título | Prompta bibliotheca canonica, juridica, moralis, theologica nec non ascetica, polemica, rubricistica, historica |
| Resto del título | De Principalioribus, fere Omnibus, que in dies occurrunt, nec penes omnes facile, ac proptte repeiri possunt |
| 260 ## - PUBLICACIÓN, DISTRIBUCIÓN, ETC. | |
| Lugar de publicación, distribución, etc. | Venecia, Italia |
| Nombre del editor, distribuidor, etc. | Gasparem Storti |
| Fecha de publicación, distribución, etc. | 1772 |
| 300 ## - DESCRIPCIÓN FÍSICA | |
| Extensión | 706 p |
| Dimensiones | 24 cm |
| 440 ## - MENCIÓN DE SERIE/PUNTO DE ACCESO ADICIONAL--TÍTULO | |
| Título | Prompta bibliotheca canonica, juridica, moralis, theologica nec non ascetica, polemica, rubricistica, historica |
| Número de parte o sección de la obra | De Principalioribud fere omnibus, que in dies ocurrunt, nec penes omnes facile, acpromte repeiri possunt |
| Nombre de parte o sección de la obra | Tomo 4 |
| Designación de volumen o secuencia | Vol 4. |
| 9 (RLIN) | 28889 |
| 505 0# - NOTA DE CONTENIDO CON FORMATO | |
| Nota de contenido con formato | Texto en: latínDirigido a: literatos, historiadores, abogados, estudiosos, investigadoresIncluye índice temático |
| 650 1# - PUNTO DE ACCESO ADICIONAL DE MATERIA--TÉRMINO DE MATERIA | |
| Fuente del encabezamiento o término | Trabajos generales |
| Término de materia o nombre geográfico como elemento de entrada | Enciclopedia |
| Subdivisión de forma | Enciclopedia general |
| 9 (RLIN) | 28890 |
| 651 2# - PUNTO DE ACCESO ADICIONAL DE MATERIA--NOMBRE GEOGRÁFICO | |
| Fuente del encabezamiento o término | Teología |
| Nombre geográfico | Historia |
| Subdivisión de forma | Ética |
| Subdivisión general | Derecho |
| 9 (RLIN) | 28891 |
| 942 ## - ELEMENTOS DE PUNTO DE ACCESO ADICIONAL (KOHA) | |
| Fuente del sistema de clasificación o colocación | Library of Congress Classification |
| Tipo de ítem Koha | Libros |
| Estado de retiro | Estado de pérdida | Fuente del sistema de clasificación o colocación | Estado dañado | No para préstamo | Código de colección | Localización permanente | Ubicación/localización actual | Fecha de adquisición | Fuente de adquisición | Total de préstamos | Signatura topográfica completa | Código de barras | Fecha visto por última vez | Precio válido a partir de | Tipo de ítem Koha |
|---|---|---|---|---|---|---|---|---|---|---|---|---|---|---|---|
| El ejemplar forma parte de la colección y puede ser consultado según las políticas vigentes. | Library of Congress Classification | Conventual Franz Mayer | Biblioteca del Museo Franz Mayer (Rogerio Casas-Alatriste) | Biblioteca del Museo Franz Mayer (Rogerio Casas-Alatriste) | 21/07/2023 | Donación | CO21 F47 1772 | CFM00513 | 21/07/2023 | 21/07/2023 | Libros |